000
00474nam a2200181Ia 4500
008
090124s9999 xx 000 0 und d
082
_b
131020
100
_a
खाडीलकर उषा
245
_a
जोडीदार
250
_a
1
260
_c
2001
300
_a
107
600
_a
खाडीलकर उषा
630
_a
जोडीदार
700
_a
खाडीलकर उषा
730
_a
जोडीदार
942
_c
BOOK
999
_c
177109
_d
177109